Aprenda a negociar : (Registro nro. 4758)

Detalles MARC
000 -LEADER
fixed length control field 01333nam a2200265Ia 4500
003 - CONTROL NUMBER IDENTIFIER
control field OSt
005 - DATE AND TIME OF LATEST TRANSACTION
control field 20201028221512.0
008 - FIXED-LENGTH DATA ELEMENTS--GENERAL INFORMATION
fixed length control field 191128s2015 sp gr 000 0dspa d
020 ## - INTERNATIONAL STANDARD BOOK NUMBER
International Standard Book Number 9788415781325
040 ## - CATALOGING SOURCE
Original cataloging agency CO-JMCR
Transcribing agency CO-JMCR
041 0# - LANGUAGE CODE
Language code of text/sound track or separate title spa
082 04 - DEWEY DECIMAL CLASSIFICATION NUMBER
Classification number 658.45 /
Item number P357a
Edition number 23
100 1# - MAIN ENTRY--PERSONAL NAME
Personal name Pinto Valero, Silvia,
Relator term autora
9 (RLIN) 12178
245 10 - TITLE STATEMENT
Title Aprenda a negociar :
Remainder of title habilidades, estrategias y tácticas /
Statement of responsibility, etc. Silvia Pinto Valero
260 ## - PUBLICATION, DISTRIBUTION, ETC.
Place of publication, distribution, etc. Madrid :
Name of publisher, distributor, etc. Fundación Confemetal,
Date of publication, distribution, etc. 2015
300 ## - PHYSICAL DESCRIPTION
Extent 184 páginas ;
Dimensions 23 cm.
500 ## - GENERAL NOTE
General note Incluye datos biográficos de la autora en solapa.
504 ## - BIBLIOGRAPHY, ETC. NOTE
Bibliography, etc. note Bibliografía: páginas 183-184
505 0# - FORMATTED CONTENTS NOTE
Formatted contents note Introducción a la negociación -- Las relaciones humanas y la negociación -- La comunicación y la negociación -- Las habiliadades de negociación -- Factores internos que influyen en la negociación
520 3# - SUMMARY, ETC.
Summary, etc. La negociación está presente en prácticamente todas las relaciones que mantenemos con los demás. A lo largo de nuestra vida, gracias a la experiencia, vamos mejorando nuestras habilidades de negociación. Pero este proceso, que a veces es largo e incluso d
650 14 - SUBJECT ADDED ENTRY--TOPICAL TERM
Topical term or geographic name entry element Negociación
General subdivision técnicas
Source of heading or term
9 (RLIN) 12179
650 14 - SUBJECT ADDED ENTRY--TOPICAL TERM
Topical term or geographic name entry element Solución de conflictos
General subdivision comunicación
9 (RLIN) 12180
650 24 - SUBJECT ADDED ENTRY--TOPICAL TERM
Topical term or geographic name entry element Mediación
General subdivision desarrollo de habilidades
9 (RLIN) 12181
942 ## - ADDED ENTRY ELEMENTS (KOHA)
Source of classification or shelving scheme Dewey Decimal Classification
Koha item type Books
Existencias
Withdrawn status Lost status Source of classification or shelving scheme Damaged status Not for loan Collection code Home library Current library Date acquired Source of acquisition Total Checkouts Full call number Barcode Date last seen Date last checked out Copy number Koha item type
    Dewey Decimal Classification     Non-fiction Biblioteca Pública José María del Castillo y Rada Biblioteca Pública José María del Castillo y Rada 04/15/2018 Donación 1 658.45 / P357a 430000275 11/18/2024 11/15/2024 Ej.1 Books